The World's biggest car manufacturers - Statistics

General Stats
  • This quiz has been taken 150 times
    93 since last reset
  • The average score is 10 of 15
Answer Stats
Cars Sold Answer % Correct
9,566,961 Toyota
93%
8,263,104 VW
93%
4,235,737 Ford
92%
6,002,900 Stellantis
92%
5,941,737 General Motors
87%
2,043,900 Mercedes Benz
84%
2,399,636 BMW
83%
6,848,198 Hyundai Kia
82%
4,074,372 Honda
73%
3,225,478 Nissan
70%
2,051,174 Renault
59%
1,432,988 Geely
52%
1,369,611 Tesla
49%
1,940,067 Maruti Suzuki
37%
2,347,163 Changan
2%
No matching quizzes found
Score Distribution
Percent of People with Each Score
Percentile by Number Answered
Your Score History
You have not taken this quiz since the last reset